000 00644nam a2200217Ii 4500
003 JO-AjNU
008 230606s9999||||xx |||||||||||||| ||und||
020 _a0-07-059339-6
040 _aJO-AjNU
_beng
_erda
_cJO-AjNU
041 _aeng
050 1 4 _aHF5657.4 .H55 1999
100 3 _aHilton,Ronald W,
_eauthor
_93305
245 0 0 _aManagerial Accounting
250 _a4th ed
264 3 1 _aBoston : Irwin Mc Graw Hill ,1999
300 _a816p
_bIncludes glossary and indexes(p791-816)
336 _atext
_btxt
_2rdacontent
337 _aunmediated
_bn
_2rdamedia
338 _avolume
_bnc
_2rdacarrier
650 4 _aManagerial Accounting
_93306
999 _aE1728
_c1728
_d1728